000
00194 a2200097 4500
001
22900
100
_a
Brown, Z
245
_a
Library key
260
_a
_b
D Van Nost
_c
1958
090
_c
15498
_d
15498
942
_a
NUST-CAE
_c
_c
6111
999
_c
257973
_d
257973